[Event "Challenge"]
[Site "http://www.queenalice.com/game.php?id=1280906"]
[Date "2014.5.11"]
[Round "-"]
[White "green60"]
[Black "kacper0704"]
[Result "1-0"]
[WhiteElo "1865"]
[BlackElo "1100"]

1. e4 e5 2. Nf3 d6 3. Bc4 h6 4. d4 exd4 5. Nxd4 c5 6. Nf3 Nc6 7. Nc3 Be6 8. Bxe6
fxe6 9. O-O Be7 10. Bf4 Nf6 11. Re1 e5 12. Bg3 O-O 13. h3 Qd7 14. Nd5 Rac8 15.
c3 b6 16. a3 Qe6 17. Qb3 Na5 18. Nxe7+ 1-0

[Event "Challenge"]
[Site "http://www.queenalice.com/game.php?id=1281517"]
[Date "2014.5.13"]
[Round "-"]
[White "gabi223"]
[Black "kacper0704"]
[Result "0-1"]
[WhiteElo "1225"]
[BlackElo "1553"]

1. e4 e5 2. Nf3 Nc6 3. d4 exd4 4. Nxd4 Nxd4 5. Qxd4 c5 6. Qe5+ Ne7 7. Ba6 bxa6
8. Bg5 f6 9. Bxf6 gxf6 10. Qxf6 Rg8 11. O-O Bg7 12. Qf3 Bxb2 13. Nc3 Bxa1 14.
Rxa1 Bb7 15. Re1 Qc7 16. Qh5+ Rg6 17. Qxh7 Qe5 18. Ne2 Qxe4 19. g3 Qg2# 0-1

[Event "Challenge"]
[Site "http://www.queenalice.com/game.php?id=1282337"]
[Date "2014.5.17"]
[Round "-"]
[White "green60"]
[Black "kacper0704"]
[Result "1-0"]
[WhiteElo "1916"]
[BlackElo "1548"]

1. e4 c5 2. Nf3 Nc6 3. d4 cxd4 4. Nxd4 Nxd4 5. Qxd4 e6 6. Nc3 d5 7. exd5 exd5 8.
Qxd5 Qe7+ 9. Qe4 Be6 10. Bb5+ Bd7 11. Bxd7+ Kxd7 12. Qxe7+ Bxe7 13. Be3 Nf6 14.
O-O-O+ Ke8 15. Nb5 Kf8 16. Bxa7 g6 17. Rhe1 Ne8 18. a3 Bg5+ 19. Be3 Bf6 20. Bh6+
Kg8 21. Nd6 Nxd6 22. Rxd6 Bg7 23. Bxg7 Kxg7 24. Re7 Rhf8 25. Rxb7 Rae8 26. Kd2
Kh6 27. Rdd7 f5 28. Rxh7+ Kg5 29. Rhe7 Rd8+ 30. Rbd7 Rb8 31. b3 Rfc8 32. Rc7
Rd8+ 33. Red7 Rh8 34. h3 Ra8 35. a4 Kh6 36. c4 g5 37. g4 f4 38. Rc6# 1-0

[Event "ee"]
[Site "http://www.queenalice.com/game.php?id=1282417"]
[Date "2014.5.18"]
[Round "-"]
[White "kacper0704"]
[Black "MINGULA"]
[Result "0-1"]
[WhiteElo "1513"]
[BlackElo "1708"]

1. e4 c5 2. Nf3 d6 3. h3 Nf6 4. Nc3 a6 5. Bc4 b5 6. Bd3 Bb7 7. O-O c4 8. Be2
Nxe4 9. Nxe4 Bxe4 10. d3 cxd3 11. cxd3 Bb7 12. b4 Nd7 13. Bb2 Nf6 14. Qb3 e6 0-1

[Event "AUTO-BEG-609"]
[Site "http://www.queenalice.com/game.php?id=1282702"]
[Date "2014.5.19"]
[Round "1"]
[White "claudioMaster"]
[Black "kacper0704"]
[Result "0-1"]
[WhiteElo "1405"]
[BlackElo "1313"]

1. e4 e5 2. Qh5 Nc6 3. Bc4 g6 4. Qf3 Nf6 5. g4 Nd4 6. Qc3 Nxe4 7. Qd3 d5 8. Bb3
Bxg4 9. f3 Qh4+ 10. Kd1 Nf2+ 11. Ke1 Nxd3+ 12. Kf1 Qf2# 0-1

[Event "AUTO-BEG-609"]
[Site "http://www.queenalice.com/game.php?id=1282703"]
[Date "2014.5.19"]
[Round "1"]
[White "kacper0704"]
[Black "claudioMaster"]
[Result "1-0"]
[WhiteElo "1558"]
[BlackElo "1401"]

1. b4 e5 2. Bb2 Qf6 3. a3 c5 4. bxc5 Bxc5 5. Nf3 g5 6. Bxe5 Qb6 7. d4 f6 8. dxc5
Qxc5 9. Bd4 Qc6 10. e3 d5 11. Nc3 Ne7 12. Bb5 Qxb5 13. Nxb5 Kd8 14. Bxf6 Rf8 15.
Bxe7+ Kxe7 16. Nc7 Nc6 17. Nxa8 Kd6 18. Nxg5 Bf5 19. e4 Be6 20. exd5 Bxd5 21.
Nc7 Rf5 22. Nxd5 Rxd5 23. Qf3 Nd4 24. Qf8+ Kc6 25. O-O Rxg5 26. Qf6+ Kd7 27.
Qxg5 Kd6 28. Rad1 Ke6 29. Rxd4 Kf7 30. Re1 h6 31. Qf5+ Kg7 32. Re7+ 1-0

[Event "AUTO-BEG-609"]
[Site "http://www.queenalice.com/game.php?id=1282720"]
[Date "2014.5.19"]
[Round "1"]
[White "kacper0704"]
[Black "gabi223"]
[Result "1-0"]
[WhiteElo "1520"]
[BlackElo "1304"]

1. e4 d5 2. exd5 Qxd5 3. Nc3 Qe5+ 4. Nge2 Bg4 5. h3 Bxe2 6. Bxe2 Nf6 7. O-O e6
8. Re1 Nc6 9. Bb5 Qc5 10. d4 Qd6 11. Bg5 Be7 12. Bxf6 Bxf6 13. d5 a6 14. dxc6
axb5 15. Nxb5 Qxc6 16. Nc3 Bxc3 17. bxc3 Qxc3 18. Rb1 b6 19. Re3 Qc4 20. a3 O-O
21. Rg3 Qc5 22. Qc1 f5 23. Qg5 g6 24. h4 Kh8 25. h5 gxh5 26. Qg7# 1-0

[Event "AUTO-BEG-609"]
[Site "http://www.queenalice.com/game.php?id=1282721"]
[Date "2014.5.19"]
[Round "1"]
[White "gabi223"]
[Black "kacper0704"]
[Result "0-1"]
[WhiteElo "1220"]
[BlackElo "1573"]

1. d4 d5 2. Nc3 e6 3. Nf3 Nf6 4. Bg5 a6 5. e4 h6 6. Bxf6 Qxf6 7. exd5 exd5 8.
Qe2+ Be6 9. g3 Bd6 10. Bg2 O-O 11. O-O Nc6 12. Rfe1 Rfe8 13. Qd2 Rad8 14. a3 Bg4
15. Rxe8+ Rxe8 16. b4 Bxf3 17. Bxf3 Qxf3 18. b5 Na5 19. Nxd5 Re2 20. Qxa5 Qxf2+
0-1

[Event "Let's Play Chess!"]
[Site "http://www.queenalice.com/game.php?id=1284237"]
[Date "2014.5.27"]
[Round "-"]
[White "kacper0704"]
[Black "Mannu"]
[Result "0-1"]
[WhiteElo "1355"]
[BlackElo "1934"]

1. e4 c5 2. Nf3 Nc6 3. Bc4 e5 4. d3 d6 5. Ng5 Nh6 6. Nf3 g6 7. Bg5 f6 8. Bxh6
Bxh6 9. Nc3 Na5 10. Bb5+ Bd7 11. Bxd7+ Qxd7 12. Nd5 O-O 13. c4 f5 14. exf5 Rxf5
15. Nh4 Rf7 16. O-O Nc6 17. f4 exf4 18. Re1 g5 19. Nf3 g4 20. Nh4 f3 21. gxf3
gxf3 22. Nxf3 Qg4+ 23. Kh1 Qxf3+ 24. Qxf3 Rxf3 25. Rad1 Ne5 26. d4 cxd4 27. Rxd4
Rf2 28. Rg1+ Kf7 0-1

[Event "Challenge"]
[Site "http://www.queenalice.com/game.php?id=1284238"]
[Date "2014.5.27"]
[Round "-"]
[White "kacper0704"]
[Black "kowal76"]
[Result "0-1"]
[WhiteElo "1546"]
[BlackElo "1381"]

1. e4 e5 2. Nf3 Nc6 3. Bc4 Nf6 4. Ng5 Nxe4 5. Nxe4 d5 6. Bxd5 Qxd5 7. Nbc3 Qd8
8. O-O f5 9. Ng3 Nd4 10. d3 f4 11. Nge4 Bf5 12. b3 Bb4 13. Bb2 Qd7 14. a3 Bg4
15. f3 Bc5 16. Nxc5 Qd6 17. fxg4 Qxc5 18. Kh1 O-O-O 19. b4 Qc6 20. Ne4 Nxc2 21.
Rc1 Ne3 22. Rxc6 Nxd1 23. Rc2 Ne3 24. Rfc1 Nxc2 25. Rxc2 Rxd3 26. Bxe5 Rd1# 0-1

[Event "Let's Play Chess!"]
[Site "http://www.queenalice.com/game.php?id=1284663"]
[Date "2014.5.29"]
[Round "-"]
[White "amgoncal"]
[Black "kacper0704"]
[Result "0-1"]
[WhiteElo "1119"]
[BlackElo "1548"]

1. d4 d5 2. f4 e6 3. b4 Bxb4+ 4. c3 Bd6 5. e3 Nf6 6. Nd2 O-O 7. Ngf3 Nc6 8. Qb3
Na5 9. Qa4 b6 10. Ba3 Bd7 11. Qb3 Nxb3 12. axb3 Bxa3 13. Rxa3 Bb5 14. Bxb5 Ne4
15. Nb1 Qd6 16. Ne5 Nxc3 17. Nxc3 Qxa3 18. O-O Qxb3 19. Rc1 Qb2 20. Nd3 a6 21.
Na4 Qd2 22. Rc3 axb5 23. Rxc7 Rxa4 24. Nf2 Ra1+ 0-1

[Event "Let's Play Chess!"]
[Site "http://www.queenalice.com/game.php?id=1284664"]
[Date "2014.5.29"]
[Round "-"]
[White "amgoncal"]
[Black "kacper0704"]
[Result "0-1"]
[WhiteElo "1119"]
[BlackElo "1548"]

1. d4 d5 2. f4 Bf5 3. h3 e6 4. g4 Qh4+ 5. Kd2 Bxg4 6. Nf3 Bxf3 7. exf3 Nc6 8.
Bb5 Nf6 9. Rg1 Qxf4+ 10. Ke2 Qh2+ 11. Kf1 Qxh3+ 12. Kf2 a6 13. Ba4 b5 14. Bb3
Qh2+ 15. Rg2 Qh4+ 16. Ke2 Nxd4+ 17. Ke3 Bc5 18. c3 Nxb3+ 19. Ke2 Nxa1 20. Bg5
Qh3 21. Kf1 Nh5 22. b4 Ba7 23. Nd2 Ng3+ 24. Ke1 Qxg2 25. Nf1 Qf2# 0-1